| 000 | 00624 a2200169 4500 | ||
|---|---|---|---|
| 020 | _a0521834414 | ||
| 020 | _a9780521834414 | ||
| 082 | 0 | 4 | _a551.01532051 |
| 090 |
_c285 _d285 |
||
| 100 | 1 | _aMajda, Andrew. | |
| 245 | 1 | 0 |
_aNonlinear dynamics and statistical theories for basic geophysical flows / _cAndrew Majda, Xiaoming Wang. |
| 260 |
_a[S.l.] : _bCambridge University Press, _c2006. |
||
| 300 |
_a564 p. ; _c25 cm. |
||
| 700 | 1 | _aWang, Xiaoming. | |
| 942 |
_aSNS _cBK _k551.01532051 MAJ |
||
| 999 |
_c28920 _d28920 |
||